<?xml version="1.0" encoding="UTF-8"?>
<record
    xmlns:xsi="http://www.w3.org/2001/XMLSchema-instance"
    xsi:schemaLocation="http://www.loc.gov/MARC21/slim http://www.loc.gov/standards/marcxml/schema/MARC21slim.xsd"
    xmlns="http://www.loc.gov/MARC21/slim">

  <leader>02560njm a2200469Ia 4500</leader>
  <controlfield tag="001">20789</controlfield>
  <controlfield tag="003">IT-RoPAU</controlfield>
  <controlfield tag="005">20220918181122.0</controlfield>
  <controlfield tag="008">131025s9999    xx            000 0 und d</controlfield>
  <datafield tag="040" ind1=" " ind2=" ">
    <subfield code="a">IT-RoPAU</subfield>
  </datafield>
  <datafield tag="040" ind1=" " ind2=" ">
    <subfield code="c">IT-RoPAU</subfield>
  </datafield>
  <datafield tag="041" ind1=" " ind2=" ">
    <subfield code="a">ITALIANO</subfield>
  </datafield>
  <datafield tag="999" ind1=" " ind2=" ">
    <subfield code="c">99909</subfield>
    <subfield code="d">99909</subfield>
  </datafield>
  <datafield tag="999" ind1=" " ind2=" ">
    <subfield code="b">n.d.</subfield>
  </datafield>
  <datafield tag="100" ind1=" " ind2=" ">
    <subfield code="a">AA.VV.</subfield>
    <subfield code="9">794</subfield>
  </datafield>
  <datafield tag="100" ind1=" " ind2=" ">
    <subfield code="e">Autore musica</subfield>
    <subfield code="9">3463</subfield>
  </datafield>
  <datafield tag="100" ind1=" " ind2=" ">
    <subfield code="g">Codice autore musica SPICS: 12000</subfield>
    <subfield code="9">796</subfield>
  </datafield>
  <datafield tag="245" ind1=" " ind2=" ">
    <subfield code="a">Claudio Villa (disco)</subfield>
  </datafield>
  <datafield tag="250" ind1=" " ind2=" ">
    <subfield code="a">2a ed.</subfield>
  </datafield>
  <datafield tag="260" ind1=" " ind2=" ">
    <subfield code="a">MILANO</subfield>
  </datafield>
  <datafield tag="260" ind1=" " ind2=" ">
    <subfield code="b">FRATELLI FABBRI EDITORI</subfield>
    <subfield code="c">1982 [1a Ed.:1970]</subfield>
  </datafield>
  <datafield tag="300" ind1=" " ind2=" ">
    <subfield code="a">DISCO</subfield>
  </datafield>
  <datafield tag="300" ind1=" " ind2=" ">
    <subfield code="c">28 minuti (Testo:  pag.)</subfield>
  </datafield>
  <datafield tag="500" ind1=" " ind2=" ">
    <subfield code="a">La canzone italiana. I big degli anni '50. Amore, dolore, giovent&#xF9;, sogno, casa, mamma, paese, attesa, tristezza, solitudine.</subfield>
  </datafield>
  <datafield tag="505" ind1=" " ind2=" ">
    <subfield code="a">Borgo antico (4:00) - Rosso di sera (4:00) - Manuela (4:00) - Addio sogni di gloria (4:00) - Luna rossa (4:00) - Terra straniera (4:00) - Cancello chiuso (4:00) - Binario (4:00)</subfield>
  </datafield>
  <datafield tag="511" ind1=" " ind2=" ">
    <subfield code="a">Villa Claudio</subfield>
  </datafield>
  <datafield tag="650" ind1=" " ind2=" ">
    <subfield code="a">CANZONE ITALIAN [DISCHI]</subfield>
    <subfield code="e">Codice MATERIA SPICS: 9950</subfield>
    <subfield code="9">3464</subfield>
  </datafield>
  <datafield tag="700" ind1=" " ind2=" ">
    <subfield code="a">Villa Claudio</subfield>
    <subfield code="g">Codice autore testo/musica SPICS:  1155</subfield>
    <subfield code="e">Autore testo/musica</subfield>
    <subfield code="p">Binario</subfield>
    <subfield code="9">3465</subfield>
  </datafield>
  <datafield tag="700" ind1=" " ind2=" ">
    <subfield code="a">Bonavolont&#xE0;</subfield>
    <subfield code="g">Codice autore musica SPICS: 13916</subfield>
    <subfield code="e">Autore musica</subfield>
    <subfield code="p">Borgo antico</subfield>
    <subfield code="9">3466</subfield>
  </datafield>
  <datafield tag="700" ind1=" " ind2=" ">
    <subfield code="a">Bonagura Enzo</subfield>
    <subfield code="g">Codice autore testo/musica SPICS: 13478</subfield>
    <subfield code="e">Autore testo/musica</subfield>
    <subfield code="p">Borgo antico - Manuela</subfield>
    <subfield code="9">3467</subfield>
  </datafield>
  <datafield tag="700" ind1=" " ind2=" ">
    <subfield code="a">Concina Carlo</subfield>
    <subfield code="g">Codice autore musica SPICS: 13632</subfield>
    <subfield code="e">Autore musica</subfield>
    <subfield code="p">Rosso di sera</subfield>
    <subfield code="9">3468</subfield>
  </datafield>
  <datafield tag="700" ind1=" " ind2=" ">
    <subfield code="a">Manlio Tito</subfield>
    <subfield code="g">Codice autore testo/musica SPICS: 13497</subfield>
    <subfield code="e">Autore testo/musica</subfield>
    <subfield code="p">Rosso di sera</subfield>
    <subfield code="9">3469</subfield>
  </datafield>
  <datafield tag="700" ind1=" " ind2=" ">
    <subfield code="a">Fusco Enzo</subfield>
    <subfield code="g">Codice autore testo/musica SPICS: 13644</subfield>
    <subfield code="e">Autore testo/musica</subfield>
    <subfield code="p">Manuela</subfield>
    <subfield code="9">3470</subfield>
  </datafield>
  <datafield tag="700" ind1=" " ind2=" ">
    <subfield code="a">Rivi</subfield>
    <subfield code="g">Codice autore musica SPICS: 15770</subfield>
    <subfield code="e">Autore musica</subfield>
    <subfield code="p">Addio sogni di gloria</subfield>
    <subfield code="9">3471</subfield>
  </datafield>
  <datafield tag="700" ind1=" " ind2=" ">
    <subfield code="a">Innocenzi Carlo</subfield>
    <subfield code="g">Codice autore testo/musica SPICS: 13493</subfield>
    <subfield code="e">Autore testo/musica</subfield>
    <subfield code="p">Addio sogni di gloria</subfield>
    <subfield code="9">3472</subfield>
  </datafield>
  <datafield tag="700" ind1=" " ind2=" ">
    <subfield code="a">De Crescenzo Eduardo</subfield>
    <subfield code="g">Codice autore musica SPICS: 7995</subfield>
    <subfield code="e">Autore musica</subfield>
    <subfield code="p">Luna rossa</subfield>
    <subfield code="9">3473</subfield>
  </datafield>
  <datafield tag="700" ind1=" " ind2=" ">
    <subfield code="a">Vian</subfield>
    <subfield code="g">Codice autore testo/musica SPICS: 14032</subfield>
    <subfield code="e">Autore testo/musica</subfield>
    <subfield code="p">Luna rossa</subfield>
    <subfield code="9">3474</subfield>
  </datafield>
  <datafield tag="700" ind1=" " ind2=" ">
    <subfield code="a">Marletta</subfield>
    <subfield code="g">Codice autore musica SPICS: 15757</subfield>
    <subfield code="e">Autore musica</subfield>
    <subfield code="p">Terra straniera</subfield>
    <subfield code="9">3475</subfield>
  </datafield>
  <datafield tag="700" ind1=" " ind2=" ">
    <subfield code="a">Liberati</subfield>
    <subfield code="g">Codice autore testo/musica SPICS: 22677</subfield>
    <subfield code="e">Autore testo/musica</subfield>
    <subfield code="p">Terra straniera</subfield>
    <subfield code="9">3476</subfield>
  </datafield>
  <datafield tag="700" ind1=" " ind2=" ">
    <subfield code="a">Redi Gino</subfield>
    <subfield code="g">Codice autore musica SPICS: 13451</subfield>
    <subfield code="e">Autore musica</subfield>
    <subfield code="p">Cancello chiuso</subfield>
    <subfield code="9">3477</subfield>
  </datafield>
  <datafield tag="700" ind1=" " ind2=" ">
    <subfield code="a">Bertini Umberto</subfield>
    <subfield code="g">Codice autore testo/musica SPICS: 13511</subfield>
    <subfield code="e">Autore testo/musica</subfield>
    <subfield code="p">Cancello chiuso</subfield>
    <subfield code="9">3478</subfield>
  </datafield>
  <datafield tag="942" ind1=" " ind2=" ">
    <subfield code="c">MD</subfield>
    <subfield code="2">ddc</subfield>
  </datafield>
  <datafield tag="952" ind1=" " ind2=" ">
    <subfield code="0">0</subfield>
    <subfield code="1">0</subfield>
    <subfield code="4">0</subfield>
    <subfield code="6">20789_000000000000000</subfield>
    <subfield code="7">1</subfield>
    <subfield code="a">SPICS</subfield>
    <subfield code="b">SPICS</subfield>
    <subfield code="d">2013-10-25</subfield>
    <subfield code="l">0</subfield>
    <subfield code="o">20789</subfield>
    <subfield code="r">2013-10-25 00:00:00</subfield>
    <subfield code="w">2013-10-25</subfield>
    <subfield code="y">MD</subfield>
    <subfield code="z">Progr. Ins.: 4092 / N.Vol.: 1 / Copie: 1 - Copia rara: n.d. / date import: 01.01.2014 - By Epidotti, Trombetti, Vaglietti</subfield>
  </datafield>
</record>
